• 首页
  • 本馆介绍
  • 公告通知
  • 最新文献
  • 馆藏检索
  • 电子资源
  • 读者导购
  • 参考咨询
  • 我的图书馆
  • 登录
  • 详细信息显示
  • 放入我的书架
  • 预约/预借图书
  • 作者相关作品
  • 分类相关作品
  • 丛书相关作品
  • 出版社相关作品

书目信息

  • 表格格式
  • 工作单格式
  • 卡片格式
题名:
休闲摄影与拍摄技巧
    
 
作者: 许小平
分册:  
出版信息:   吉林摄影出版社  1997.07
页数: 14页
开本: 32开
丛书名:
单 册:
中图分类: J404
科图分类:
主题词: 摄影艺术--艺术理论
电子资源:
ISBN: 7-80606-142-8
000 00536nam0 2200193 45
001 0308271078
005 20030827105633.0
010    @a7-80606-142-8@dRMB11.60
100    @a20030827d1997 km y0chiy0120 ea
101    @achi
105    @a z 000yy
200 1  @a休闲摄影与拍摄技巧@Axiu xian she ying yu pai she ji qiao@f许小平@Fxu xiao ping
210    @c吉林摄影出版社@d1997.07
215    @a14页@c无图表@d32开
606 0  @a摄影艺术@x艺术理论
690    @aJ404@v3
701  0 @a许小平
801    @aCN@b@c20030827
905    @aBZT@dJ404@e24
    
    休闲摄影与拍摄技巧/许小平.-吉林摄影出版社,1997.07
    14页:无图表;32开
    
    
    ISBN 7-80606-142-8:RMB11.60
    
●
相关链接 在五车中查询图书 在当当中查询图书 在豆瓣中查询图书


正题名:休闲摄影与拍摄技巧     索取号:J404/24         预约/预借

序号 登录号 条形码 馆藏地/架位号 状态 备注
1 83846   200055581   中心书库中库/ 中库019架A面1列3层30/ [索取号:J404/24] 在馆    
2 83847   200055572   中心书库中库/ 中库019架A面1列3层4/ [索取号:J404/24] 在馆    
3 83848   200055590   中心书库中库/ 中库019架A面1列3层5/ [索取号:J404/24] 在馆    
山东省滨州职业学院图书馆 欢迎您!
大连网信软件有限公司© 版权所有